000 00487nam a2200193 4500
001 11666
005 20230410104011.0
008 060907n1998 dr spa
020 _a086316188X
035 _9funglode11756
041 _aEN
050 1 4 _aCB 430 L477p 1998
100 _aLee, Joe
245 1 _aPostmodernism :
_bfor beginners /
_cJoe Lee
260 _aNew York :
_bWrites and readers,
_c1998
300 _a163 p.
440 _aJim Powell : 98
942 _2lcc
_cbk
999 _c30061
_d30061